| 000 | 00933nas a2200289 4500 | ||
|---|---|---|---|
| 001 | BR0204229 | ||
| 003 | BR-BrBNA | ||
| 005 | 20231205103208.0 | ||
| 007 | ta | ||
| 008 | 230509b bl.|||p| |||| 00| 00por d | ||
| 040 |
_aBR-BrBNA _bpor _cBiblioteca Nacional de Agricultura |
||
| 041 | _a(Pt) | ||
| 072 | _aF30 | ||
| 100 | 1 | _aRegazzi, A.J. | |
| 100 | 1 | _aMachado, G.M.E. | |
| 100 | 1 | _aViana, J.M.S. | |
| 100 | 1 | _aCruz, C.D. | |
| 100 | 1 | _aGranate, M.J. | |
| 245 | 1 | _aAvaliação da divergência genética em uma população amazônica de cupuaçuzeiro (Theobroma grandiforum (Willd ex Spreng)Schum)por procedimentos multivariados | |
| 650 | _aCUPUAÇU | ||
| 650 | _aVARIEDADE | ||
| 650 | _aVARIAÇÃO GENÉTICA | ||
| 650 | _aMODELO MATEMÁTICO | ||
| 773 | 0 |
_tRevista Ceres (Brazil) _xISSN 0034-737X _g(May-Jun 2002), v. 49(283) p. 265-281 _wBR0204229 |
|
| 909 |
_a202311 _bLúcia _c55 _dLúcia Elande |
||
| 942 |
_2AGRIS _n0 _cANA |
||
| 999 |
_c171600 _d171600 |
||